Наноструктурные покрытия: пер. с англ.

Bibliographische Detailangaben
Weitere Verfasser: Кавалейро А. Альбано (редактор), Хоссон Д. Т. М. Джефф Т. М.
Zusammenfassung:Сборник подготовлен международным коллективом ведущих специалистов в области нанонауки и наноструктурных покрытий. Изложены основные сведения о синтезе сверхтвердых пленок на основе тугоплавких соединений, их структуре, фазовом составе, физико-механических свойствах и сферах применения. Подробно характеризуются методы исследования покрытий: просвечивающая электронная микроскопия, наноиндентирование и компьютерный эксперимент. Детально анализируются теоретические и опытные данные о природе деформации и разрушения сверхтвердых покрытий. Особое внимание уделено их трибологическим характеристикам и термической стабильности. Сборник будет полезен ученым, инженерам и преподавателям высшей школы, студентам и аспирантам, специализирующимся в области нанотехнологий, наноматериалов и нанопокрытий.
Sprache:Russisch
Veröffentlicht: Москва, Техносфера, 2011
Schriftenreihe:Мир материалов и технологий
Schlagworte:
Format: MixedMaterials Buch
KOHA link:https://koha.lib.tpu.ru/cgi-bin/koha/opac-detail.pl?biblionumber=151043

MARC

LEADER 00000nam0a2200000 4500
001 151043
005 20231101221531.0
010 |a 9785948361826 
035 |a (RuTPU)RU\TPU\book\163774 
090 |a 151043 
100 |a 20090119d2011 k y0rusy50 ca 
101 1 |a rus  |c eng 
102 |a RU 
105 |a a z 001zy 
200 1 |a Наноструктурные покрытия  |e пер. с англ.  |f под ред. А. Кавалейро, Д. Т. М. Хоссона 
210 |a Москва  |c Техносфера  |d 2011 
215 |a 750 с.  |c ил. 
225 1 |a Мир материалов и технологий 
320 |a Библиография в конце глав. 
330 |a Сборник подготовлен международным коллективом ведущих специалистов в области нанонауки и наноструктурных покрытий. Изложены основные сведения о синтезе сверхтвердых пленок на основе тугоплавких соединений, их структуре, фазовом составе, физико-механических свойствах и сферах применения. Подробно характеризуются методы исследования покрытий: просвечивающая электронная микроскопия, наноиндентирование и компьютерный эксперимент. Детально анализируются теоретические и опытные данные о природе деформации и разрушения сверхтвердых покрытий. Особое внимание уделено их трибологическим характеристикам и термической стабильности. Сборник будет полезен ученым, инженерам и преподавателям высшей школы, студентам и аспирантам, специализирующимся в области нанотехнологий, наноматериалов и нанопокрытий. 
606 1 |a Покрытия наноструктурные  |2 stltpush  |3 (RuTPU)RU\TPU\subj\70391  |9 84669 
610 1 |a твердые тела 
610 1 |a поверхности 
610 1 |a износ 
610 1 |a трение 
610 1 |a шероховатость 
610 1 |a трибологические характеристики 
610 1 |a наноструктурные металлы 
610 1 |a размерные эффекты 
610 1 |a деформация 
610 1 |a разрушение 
610 1 |a механические испытания 
610 1 |a нанокристаллические металлические слои 
610 1 |a атомарное моделирование 
610 1 |a наноразмерные зерна 
610 1 |a наноиндентирование 
610 1 |a электронно-микроскопическая аттестация 
610 1 |a алмазоподобные многослойные пленки 
610 1 |a исследование 
610 1 |a твердость 
610 1 |a модуль Юнга 
610 1 |a измерение 
610 1 |a нитриды 
610 1 |a добавки 
610 1 |a карбиды 
610 1 |a сверхтвердые нанокомпозиты 
610 1 |a создание 
610 1 |a сверхтвердые покрытия 
610 1 |a реактивное магнетронное напыление 
610 1 |a микроструктура 
610 1 |a термическая стабильность 
610 1 |a наноструктурные трибологические покрытия 
610 1 |a многослойные покрытия 
610 1 |a сверхрешетки 
610 1 |a синтез 
610 1 |a применение 
675 |a 620.197.6  |v 3 
702 1 |a Кавалейро  |b А.  |g Альбано  |4 340 
702 1 |a Хоссон  |b Д. Т. М.  |g Джефф Т. М.  |4 340 
801 1 |a RU  |b 63413507  |c 20090119  |g PSBO 
801 2 |a RU  |b 63413507  |c 20150528  |g RCR 
900 |a Физические методы синтеза и модифицирования нанокристаллических материалов 
942 |c BK 
959 |a 8/20090116  |d 1  |e 0  |f ЧЗТЛ:1 
959 |a 110/20091026  |d 2  |e 0  |f АНЛ:1  |f ЧЗТЛ:1 
959 |a 75/20101101  |d 2  |e 0  |f АНЛ:1  |f ЧЗТЛ:1